| 000 | 00703nam a22002057a 4500 | ||
|---|---|---|---|
| 005 | 20250325050742.0 | ||
| 008 | 250325b |||||||| |||| 00| 0 eng d | ||
| 020 | _a9798868804786 | ||
| 040 | _cAIMIT LIBRARY | ||
| 082 |
_22 _a658.81 _bYUJO |
||
| 100 |
_aYu, Johan. _9206809 |
||
| 245 |
_aGetting started with salesforce CRM analytics : _ba beginners guide to building interactive and complex dashboards / _cBy Johan Yu. |
||
| 250 | _a2nd ed. | ||
| 260 |
_aNew York : _bApress ; _c2025. |
||
| 300 |
_axviii,205p. ; _bPB _c25 cm. |
||
| 650 |
_aExploring dashboard _9206810 |
||
| 650 |
_aApplying security _9206811 |
||
| 650 |
_aBinding and custom query _9206812 |
||
| 942 |
_2ddc _cBK _e2nd ed. _k658.81 YUJO |
||
| 999 |
_c233991 _d233991 |
||